000 00445nam a2200157Ia 4500
008 200115s9999 xx 000 0 und d
100 _aSpencer, Susan
245 _a15 simple acts of kindness/
245 _cSusan Spencer
260 _bReader's Digest Asia
260 _c2019
300 _aPages 48-51, August 2019
440 _aAsia Reader's Digest: Acts of Kindness Everyone can do
_v116:678
650 _akindness
650 _aself-care
999 _c362920
_d362920